000 00506nam a2200169 i 4500
001 58134
003 ES-MaACL
005 20250921063026.0
007 t|
008 031021s1918 xxk ||||1| eng d
100 1 _aDoyle, Arthur Conan,
_cSir,
_d1859-1930
_945552
245 1 4 _aThe new revelation /
_cby Arthur Conan Doyle.
260 _aLondon :
_bHodder and Stoughton,
_c1918 (
_eLiverpool :
_fC. Tinling)
300 _a170 p. ;
_c19 cm.
852 _aES-MaACL
_jC-950
999 _c58134
_d58134